|
|
|
|
| LEADER |
01148naa#a2200373#ar4500 |
| 001 |
000099713 |
| 003 |
SVKKK |
| 005 |
20100303103126.0 |
| 008 |
100303c2008 xo #|0||||||||0|||b|slo |
| FMT |
|
|
|
| 015 |
|
|
|a SNBRA2010/03
|
| 038 |
|
|
|a SVKKK
|
| 040 |
|
|
|a SVKKK
|b slo
|e AACR2
|
| 041 |
0 |
|
|a slo
|
| 044 |
|
|
|a xo
|c SK
|
| 080 |
|
|
|a 599.735.5
|2 1997
|
| 080 |
|
|
|a 502.72
|x (437.6)
|2 1997
|
| 090 |
|
|
|a IV.205284
|
| 100 |
1 |
|
|a Chovancová, Barbara
|4 aut
|
| 245 |
1 |
0 |
|a Kamzík tatranský (Rupicapra rupicapra tatrica Blahout 1972) - výskum a ochrana
|c Barbara Chovancová
|
| 300 |
|
|
|b Obr., tab.
|
| 504 |
|
|
|a Bibliogr. odkazy
|
| 650 |
0 |
4 |
|a kamzík vrchovský tatranský
|x ochrana
|x výskum
|
| 650 |
0 |
4 |
|a ochrana živočíchov
|
| 651 |
|
4 |
|a Tatranský národný park (Slovensko)
|
| 773 |
0 |
|
|t Šesťdesiat rokov Tatranského národného parku : materiály ku konferencii k 60. výročiu vyhlásenia TANAP-u
|d Tatranská Lomnica : Štátne lesy Tatranského národného parku, 2008
|g S. 105-126
|z 9788089309047
|
| 958 |
|
|
|a NB
|
| 958 |
|
|
|a SK
|
| 974 |
|
|
|a Ma
|
| 992 |
|
|
|a RZB
|
| BAS |
|
|
|
| 852 |
|
|
|a SVKKK
|b BIB
|
| EXP |
|
|
|
| 998 |
|
|
|a REG
|